000 00247nam a2200109Ia 4500
008 170627s9999 xx 000 0 und d
100 _aGUPTA- S.P.
245 0 _aBUSINESS STATISTICS
260 _bSULTAN
260 _c2005
546 _aENGLISH
690 _aBUSINESS STATISTICS
999 _c35383
_d35383